000 00717cam a2200253 4500
001 J4071
008 090401t1996 xxu||||| |||| 00| 0 eng d
035 _a(Sirsi) u58122
041 _aeng
050 _a658.99071
100 _aEgbu, Charles
245 _aManagement education and training for construction refurbishment.
260 _aAscot, Berks.
_bCIOB
_c1996
300 _a8p. ; 30cm.
350 _a0
490 _aConstruction Papers
_v69
650 _aCONVERSIONS
650 _aMANAGEMENT EDUCATION
650 _aREFURBISHMENT MANAGEMENT
690 _aMANAGEMENT-BUSINESS MANAGEMENT-PROFESSIONAL PRACTICE
710 _aChartered Institute of Building
_92134
942 _n0
948 _c04/03/1997
999 _c94028
_d94028